000 00429nam a2200169Ia 4500
005 20250423100351.0
008 250422s9999 xx 000 0 und d
020 _a0-521-35465-X
100 _aWilliam H Press
245 0 _aNumerical Recipes in C: The Art of Scientific Computing
260 _aNew York
260 _bCambridge University Press
260 _c1988
300 _a735 p
650 _aNumerical
942 _cBK
999 _c33093
_d33093